000 00706nam a2200289Ia 4500
005 20260324123853.0
008 008 260324s9999 xx 000 0 eng d
020 _a9780203833056
037 _aEBOOK
040 _aCRL
040 _beng
040 _cCRL
041 _2eng
041 _aeng
084 _qCRL
100 _aJason A. Laker; Tracy Davis
_91171975
245 0 _aMasculinities in Higher Education
245 0 _bTheoretical and Practical Considerations
260 _bTaylor and Francis
260 _c2011
365 _a
365 _b290
856 _uhttp://www.taylorfrancis.com/books/9780203833056
942 _cEBOOK
999 _c1765854
_d1765854